00973nam a22002777i 4500999001700000003000400017005001700021008004100038020001800079020001500097040002800112082002100140100002000161245005800181250001700239264004300256300004500299336002100344337002500365338002300390650004800413650004600461650005300507942001200560952012300572 c27056d27028OSt20190130150442.0190130t1992 nyua fr 000 0 eng d a9780471553915 a0471553913 aEG-ScBUEbengcEG-ScBUE04222a629.892bASF1 aAsfahl, C. Ray.10aRobots and manufacturing automation /cC. Ray Asfahl. a2nd edition. 1aNew York :bJohn Wiley & Sons,cc1992. axx, 487 pages :billustartion ; c25 cm. 2rdacontentatext 2rdamediaaunmediated 2rdacarrieravolume 72BUEshaManufacturing processesxAutomation. 72BUEshaProduction managementxAutomation. 72BUEshaComputer integrated manufacturing systems 2ddccBB 00102ddc4070aMAINbMAINc1STd2019-01-30eDonationl0o629.892 ASFp000043251r2025-07-15 00:00:00w2019-01-30yBB